Subdivisions of the Russian Republic in 1936 in Kaiserreich on a Map - Statistics

General Stats
  • This quiz has been taken 157 times
  • The average score is 24 of 69
Answers on the Map
Answers color-coded by a green-red scale on the quiz's map according to % correct below.
 
Answer Stats
C Answer % Correct
1 Moscow
84%
1 Arkhangelsk
66%
1 Dagestan
64%
3 Don
63%
1 Astrakhan
59%
3 Astrakhan
59%
1 Novgorod
58%
1 Smolensk
58%
1 Nizhny Novgorod
56%
1 Perm
56%
1 Pskov
55%
3 Kuban
52%
1 Kursk
52%
4 Bukhara
51%
1 Kazan
51%
4 Khiva
51%
1 Amur
49%
3 Amur
49%
1 Kamchatka
49%
1 Irkutsk
47%
1 Petrograd
47%
2 Ural
47%
3 Ural
47%
1 Samara
45%
1 Tver
42%
1 Vladimir
42%
1 Ryazan
41%
1 Ufa
41%
1 Voronezh
41%
1 Altai
40%
1 Saratov
40%
1 Yakutsk
40%
2 Turkestan
38%
3 Orenburg
37%
1 Stavropol
37%
1 Tomsk
37%
1 Yaroslavl
37%
1 Vologda
36%
2 Alash
34%
1 Tula
34%
1 Vitebsk
32%
1 Oryol
30%
1 Penza
30%
2 Samarkand
27%
1 Tambov
27%
1 Kaluga
23%
1 Transcaspia
21%
1 Kostroma
19%
1 Olonets
19%
1 Transbaikal
19%
1 Vyatka
19%
1 Tsaritsyn
16%
2 Dvinsk
15%
1 Simbirsk
14%
1 Tobolsk
14%
2 Fergana
12%
2 Semipalatinsk
12%
2 Semirechye
12%
3 Semirechye
12%
1 Yeniseysk
11%
2 Akmolinsk
10%
1 Primorye
10%
3 Siberian
10%
2 Turgay
10%
1 Cherepovets
8%
1 Uryankhay
8%
2 OSKAB
5%
2 Syr-Darya
5%
1 Bukey
3%
No matching quizzes found
Score Distribution
Percent of People with Each Score
Percentile by Number Answered
Your Score History
You have not taken this quiz